[Event "Goch op 24th"]
[Site "Goch"]
[Date "2013.09.06"]
[Round "3"]
[White "Priebs, Ludger"]
[Black "Millikan, Erlend"]
[Result "1-0"]
[WhiteElo "1917"]
[BlackElo "1750"]
[PlyCount "45"]
[EventDate "2013.09.05"]
[EventType "swiss"]
[EventRounds "7"]
[EventCountry "GER"]
[SourceTitle "EXT 2015"]
[Source "ChessBase"]
[SourceDate "2014.11.20"]
[SourceVersion "1"]
[SourceVersionDate "2014.11.20"]
[SourceQuality "1"]

1. c4 b6 2. Nf3 Bb7 3. Nc3 e6 4. d4 Bb4 5. a3 Bxc3+ 6. bxc3 Ne7 7. e3 0-0 8. Bd3 d5 9. cxd5 exd5 10. Qe2 Nd7 11. 0-0 c5 12. c4 dxc4 13. Bxc4 cxd4 14. exd4 Nf6 15. Rd1 Ned5 16. Qd3 h6 17. Ne5 Nd7 18. Qg3 Ne7 19. Ng4 Ng6 20. Nxh6+ gxh6 21. Qxg6+ Kh8 22. Qxh6+ Kg8 23. Rd3 1-0

[Event "NZL-ch Major op"]
[Site "Wellington"]
[Date "2012.12.31"]
[Round "1"]
[White "Millikan, Erlend"]
[Black "Li, Rodney Xiang Rei"]
[Result "1-0"]
[WhiteElo "1750"]
[BlackElo "951"]
[PlyCount "39"]
[EventDate "2012.12.31"]
[EventType "swiss"]
[EventRounds "11"]
[EventCountry "NZL"]
[SourceTitle "CBM 152 Extra"]
[Source "ChessBase"]
[SourceDate "2013.02.25"]
[SourceVersion "1"]
[SourceVersionDate "2013.02.25"]
[SourceQuality "1"]

1. d4 Nf6 2. Nf3 e6 3. Bg5 c5 4. e3 d5 5. c3 Nc6 6. Bd3 b6 7. 0-0 Bb7 8. Nbd2 Bd6 9. e4 0-0 10. e5 h6 11. Bxf6 gxf6 12. exd6 Qxd6 13. Re1 e5 14. Nh4 Bc8 15. dxc5 bxc5 16. Bf5 Be6 17. Ne4 Qe7 18. Qg4+ Kh8 19. Bxe6 fxe6 20. Ng6+ 1-0

[Event "Nuremberg LGA Cup 9th"]
[Site "Nuremberg"]
[Date "2012.09.08"]
[Round "5"]
[White "Wiesgickl, Gerhard"]
[Black "Millikan, Erlend"]
[Result "0-1"]
[WhiteElo "2006"]
[BlackElo "1731"]
[PlyCount "69"]
[EventDate "2012.09.06"]
[EventType "swiss"]
[EventRounds "7"]
[EventCountry "GER"]
[SourceTitle "CBM 150 Extra"]
[Source "ChessBase"]
[SourceDate "2012.10.19"]
[SourceVersion "1"]
[SourceVersionDate "2012.10.19"]
[SourceQuality "1"]

1. Nf3 Nf6 2. b3 d5 3. Bb2 Bg4 4. e3 e6 5. Be2 Nbd7 6. 0-0 Bd6 7. d4 0-0 8. Nbd2 c5 9. c4 Rc8 10. Rc1 cxd4 11. Nxd4 Bxe2 12. Qxe2 a6 13. a3 Ne5 14. e4 dxc4 15. Nxc4 Nxc4 16. bxc4 e5 17. Nf5 Bb8 18. f4 exf4 19. e5 Re8 20. Nxg7 Kxg7 21. exf6+ Kh8 22. Qc2 Rg8 23. Rf3 Qd7 24. Kh1 Rg6 25. Rd1 Qc6 26. Rfd3 Rcg8 27. Rf3 h6 28. Qe2 Ba7 29. Rd5 Rxg2 30. Qxg2 Rxg2 31. Kxg2 Qxc4 32. Rfd3 Qe4+ 33. Kh3 Kh7 34. Rd7 Kg6 35. Bc1 0-1

[Event "Nuremberg LGA Cup 9th"]
[Site "Nuremberg"]
[Date "2012.09.07"]
[Round "2"]
[White "Millikan, Erlend"]
[Black "Carow, Annelen"]
[Result "0-1"]
[WhiteElo "1731"]
[BlackElo "1968"]
[PlyCount "74"]
[EventDate "2012.09.06"]
[EventType "swiss"]
[EventRounds "7"]
[EventCountry "GER"]
[SourceTitle "CBM 150 Extra"]
[Source "ChessBase"]
[SourceDate "2012.10.19"]
[SourceVersion "1"]
[SourceVersionDate "2012.10.19"]
[SourceQuality "1"]

1. d4 Nf6 2. Nf3 c5 3. e3 e6 4. c3 d5 5. Bd3 Be7 6. Nbd2 Nc6 7. 0-0 0-0 8. Qe2 Qc7 9. h3 Re8 10. b3 e5 11. dxe5 Nxe5 12. Nxe5 Qxe5 13. Bb2 Bd6 14. Nf3 Qh5 15. Nh2 Qe5 16. Nf3 Qe6 17. Rfd1 Bd7 18. Kf1 Bc6 19. Bb5 Ne4 20. Bd3 Bg3 21. Bxe4 dxe4 22. Ng1 Bc7 23. Rd2 a5 24. c4 a4 25. Bc3 Reb8 26. g3 b5 27. Kg2 b4 28. Bb2 a3 29. Bc1 Be5 30. Rb1 Rd8 31. Rxd8+ Rxd8 32. Bd2 Rd3 33. Rc1 Qd7 34. Be1 g6 35. Qg4 Qxg4 36. hxg4 Bd7 37. g5 Bg4 0-1

[Event "Queenstown op"]
[Site "Queenstown"]
[Date "2012.01.22"]
[Round "8"]
[White "Watharow, Sean"]
[Black "Millikan, Erlend"]
[Result "1/2-1/2"]
[WhiteElo "1929"]
[BlackElo "1760"]
[PlyCount "86"]
[EventDate "2012.01.15"]
[EventType "swiss"]
[EventRounds "9"]
[EventCountry "NZL"]
[SourceTitle "CBM 146 Extra"]
[Source "ChessBase"]
[SourceDate "2012.02.29"]
[SourceVersion "1"]
[SourceVersionDate "2012.02.29"]
[SourceQuality "1"]

1. e4 e5 2. d4 exd4 3. Nf3 Bb4+ 4. c3 dxc3 5. Nxc3 Bxc3+ 6. bxc3 d6 7. Bc4 Be6 8. Bxe6 fxe6 9. Ng5 Qd7 10. Qb3 Nc6 11. Qxe6+ Qxe6 12. Nxe6 Kd7 13. Nxg7 Nf6 14. f3 Rhg8 15. Bh6 Ne8 16. Nxe8 Raxe8 17. 0-0 Ne5 18. Rae1 a6 19. Re2 b5 20. Bf4 Nc4 21. Rd1 Kc6 22. Bg3 Rg7 23. Bf2 Rf7 24. Rd5 Rg8 25. Kf1 Re8 26. Rh5 Nb6 27. h4 Nd7 28. Bd4 Ne5 29. Bxe5 Rxe5 30. Rxe5 dxe5 31. Rd2 Kb6 32. Rd5 Re7 33. g4 a5 34. Ke2 b4 35. g5 c6 36. Rd6 Kb5 37. cxb4 axb4 38. h5 Ra7 39. f4 exf4 40. Rd2 Rg7 41. Kf3 Rxg5 42. Rh2 h6 43. Kxf4 c5 1/2-1/2

[Event "Nuremberg LGA Cup 8th"]
[Site "Nuremberg"]
[Date "2011.09.11"]
[Round "6"]
[White "Lais, Thomas"]
[Black "Millikan, Erlend"]
[Result "1/2-1/2"]
[WhiteElo "1929"]
[BlackElo "1741"]
[PlyCount "63"]
[EventDate "2011.09.08"]
[EventType "swiss"]
[EventRounds "7"]
[EventCountry "GER"]
[SourceTitle "CBM 144 Extra"]
[Source "ChessBase"]
[SourceDate "2011.10.28"]
[SourceVersion "1"]
[SourceVersionDate "2011.10.28"]
[SourceQuality "1"]

1. e4 e5 2. Nf3 Nf6 3. Nxe5 d6 4. Nf3 Nxe4 5. d4 d5 6. Bd3 Be7 7. 0-0 Bg4 8. c4 Nc6 9. Be3 Nb4 10. c5 0-0 11. Be2 a5 12. h3 Bf5 13. a3 Nc6 14. Nc3 Na7 15. Ne5 f6 16. Nd3 Nxc3 17. bxc3 b5 18. cxb6 cxb6 19. Qb3 Qd6 20. Nf4 Be6 21. Bf3 Rfd8 22. a4 Bf7 23. Rfe1 g5 24. Nd3 Kh8 25. Bc1 Qc7 26. Rxe7 Qxe7 27. Ba3 Rd6 28. Rb1 Nc8 29. Bg4 Be6 30. Re1 f5 31. Bf3 Qd8 32. Ne5 1/2-1/2

[Event "Nuremberg LGA Cup 8th"]
[Site "Nuremberg"]
[Date "2011.09.09"]
[Round "2"]
[White "Seibold, Hubert"]
[Black "Millikan, Erlend"]
[Result "1/2-1/2"]
[WhiteElo "2214"]
[BlackElo "1741"]
[PlyCount "97"]
[EventDate "2011.09.08"]
[EventType "swiss"]
[EventRounds "7"]
[EventCountry "GER"]
[SourceTitle "CBM 144 Extra"]
[Source "ChessBase"]
[SourceDate "2011.10.28"]
[SourceVersion "1"]
[SourceVersionDate "2011.10.28"]
[SourceQuality "1"]

1. e4 e5 2. Nf3 Nf6 3. Nxe5 d6 4. Nf3 Nxe4 5. Nc3 Nxc3 6. dxc3 Be7 7. Bd3 Nc6 8. Bf4 Bg4 9. h3 Bh5 10. g4 Bg6 11. Qd2 Qd7 12. 0-0-0 0-0-0 13. Rhe1 Bxd3 14. cxd3 f6 15. d4 d5 16. Qd3 Bd6 17. Bxd6 Qxd6 18. Qf5+ Qd7 19. Nh4 g5 20. Qxd7+ Kxd7 21. Nf5 Rhg8 22. Kd2 Rde8 23. f3 Ne7 24. Nxe7 Rxe7 25. h4 Rge8 26. Rxe7+ Rxe7 27. hxg5 fxg5 28. Rh1 c6 29. Rh5 Rg7 30. b3 Ke7 31. c4 dxc4 32. bxc4 Kf7 33. Rh6 Kg8 34. Re6 Rd7 35. Ke3 Kf7 36. Rh6 Kg7 37. Rh2 Kg6 38. Rd2 Kf6 39. Kd3 c5 40. d5 Ke5 41. Ke3 b5 42. cxb5 Rxd5 43. Rc2 Kd6 44. Rc4 Re5+ 45. Kd2 Kd5 46. Ra4 Re7 47. Kd3 Rf7 48. Ke3 c4 49. Ra6 1/2-1/2

[Event "Nuremberg LGA Cup 6th"]
[Site "Nuremberg"]
[Date "2009.09.06"]
[Round "6"]
[White "Millikan, Erlend"]
[Black "Hofstetter, Fred"]
[Result "1-0"]
[WhiteElo "1765"]
[BlackElo "1611"]
[PlyCount "39"]
[EventDate "2009.09.03"]
[EventType "swiss"]
[EventRounds "7"]
[EventCountry "GER"]
[SourceTitle "CBM 132 Extra"]
[Source "ChessBase"]
[SourceDate "2009.11.03"]
[SourceVersion "1"]
[SourceVersionDate "2009.11.03"]
[SourceQuality "1"]

1. d4 e6 2. Nf3 d5 3. e3 f5 4. Ne5 Nf6 5. Be2 Bd6 6. Nd2 0-0 7. 0-0 c5 8. Ndf3 Qe8 9. dxc5 Bxc5 10. b3 Bd6 11. Bb2 Nbd7 12. Nxd7 Bxd7 13. Ne5 b5 14. c4 bxc4 15. bxc4 Qb8 16. Qd4 Qc7 17. cxd5 Rab8 18. Nxd7 Qxd7 19. dxe6 Qxe6 20. Bc4 1-0

[Event "Nuremberg LGA Cup 6th"]
[Site "Nuremberg"]
[Date "2009.09.05"]
[Round "5"]
[White "Urytskyy, Michael"]
[Black "Millikan, Erlend"]
[Result "1-0"]
[WhiteElo "2098"]
[BlackElo "1765"]
[PlyCount "55"]
[EventDate "2009.09.03"]
[EventType "swiss"]
[EventRounds "7"]
[EventCountry "GER"]
[SourceTitle "CBM 132 Extra"]
[Source "ChessBase"]
[SourceDate "2009.11.03"]
[SourceVersion "1"]
[SourceVersionDate "2009.11.03"]
[SourceQuality "1"]

1. e4 e5 2. d4 exd4 3. c3 dxc3 4. Bc4 c2 5. Qxc2 Bb4+ 6. Nc3 d6 7. Nf3 Be6 8. Bxe6 fxe6 9. Bg5 Nf6 10. 0-0-0 Bxc3 11. bxc3 Qe7 12. Qb3 c6 13. Nd4 h6 14. Bxf6 gxf6 15. Qxe6 Qxe6 16. Nxe6 Kd7 17. Ng7 Rg8 18. Nf5 Rxg2 19. Rxd6+ Kc7 20. Rxf6 Nd7 21. Rf7 Rxf2 22. Rd1 Rd8 23. Re7 Rxa2 24. Kb1 Rf2 25. Ng7 Kc8 26. Ne6 Rg8 27. Rexd7 Rf1 28. Rc7+ 1-0

[Event "Nuremberg LGA Cup 6th"]
[Site "Nuremberg"]
[Date "2009.09.04"]
[Round "3"]
[White "Klek, Hanna Marie"]
[Black "Millikan, Erlend"]
[Result "1-0"]
[WhiteElo "2044"]
[BlackElo "1765"]
[PlyCount "51"]
[EventDate "2009.09.03"]
[EventType "swiss"]
[EventRounds "7"]
[EventCountry "GER"]
[SourceTitle "CBM 132 Extra"]
[Source "ChessBase"]
[SourceDate "2009.11.03"]
[SourceVersion "1"]
[SourceVersionDate "2009.11.03"]
[SourceQuality "1"]

1. e4 e5 2. Nf3 Nf6 3. Nxe5 d6 4. Nf3 Nxe4 5. Nc3 Nxc3 6. dxc3 Be7 7. Bf4 Bg4 8. Be2 Nc6 9. Qd2 Qd7 10. h3 Bh5 11. 0-0-0 0-0-0 12. Rhe1 f6 13. b3 Bf7 14. Kb2 Ne5 15. Nd4 a6 16. Bxe5 dxe5 17. Bg4 f5 18. Bxf5 Qxf5 19. Nxf5 Rxd2 20. Nxe7+ Kd7 21. Rxd2+ Kxe7 22. Rxe5+ Kf6 23. f4 Be6 24. Rde2 Bc8 25. Re8 Rxe8 26. Rxe8 1-0

[Event "Nuremberg LGA Cup 6th"]
[Site "Nuremberg"]
[Date "2009.09.03"]
[Round "1"]
[White "Millikan, Erlend"]
[Black "Menacher, Manfred"]
[Result "1/2-1/2"]
[WhiteElo "1765"]
[BlackElo "2274"]
[PlyCount "63"]
[EventDate "2009.09.03"]
[EventType "swiss"]
[EventRounds "7"]
[EventCountry "GER"]
[SourceTitle "CBM 132 Extra"]
[Source "ChessBase"]
[SourceDate "2009.11.03"]
[SourceVersion "1"]
[SourceVersionDate "2009.11.03"]
[SourceQuality "1"]

1. d4 Nf6 2. Nf3 e6 3. e3 b6 4. Bd3 Bb7 5. Nbd2 d5 6. 0-0 Nbd7 7. b3 Bd6 8. Bb2 Qe7 9. c4 Ba3 10. Bxa3 Qxa3 11. Qc2 Qd6 12. e4 dxe4 13. Nxe4 Nxe4 14. Bxe4 Bxe4 15. Qxe4 0-0 16. Rac1 c5 17. Rfd1 Nf6 18. Qe5 Qxe5 19. dxe5 Ne4 20. Rd3 Rfd8 21. Rcd1 Rxd3 22. Rxd3 f6 23. Kf1 a6 24. Nd2 Nxd2+ 25. Rxd2 b5 26. exf6 gxf6 27. Rd6 Kf7 28. Rb6 bxc4 29. bxc4 h6 30. g3 Ke7 31. Rc6 Rb8 32. Rxc5 1/2-1/2